00485nam a22001337a 4500008004100000082001500041100004300056245006500099260005800164300000800222942001200230999001500242952009400257230621b xxu||||| |||| 00| 0 eng d a328.4bCPA cCommonwealth Parliamentary Association aSummary of proceedings at the Fortieth Parliamentary seminar aEnglandbCommonwealth Parliamentary Associationc1991 a20p 2ddccBK c2148d2148 00102ddc4070a002b002d2023-06-21l0o328.4 CPAp10010004r2023-06-21w2023-06-21yBK